| 000 | 00891nam a22002057a 4500 | ||
|---|---|---|---|
| 005 | 20250910110516.0 | ||
| 008 | 240815b ||||| |||| 00| 0 eng d | ||
| 082 | _aDPer 510.5 Am351 October-December 2019 v. 141 n. 5-6 | ||
| 100 |
_aBär, Christian. _eauthor. _957913 |
||
| 245 |
_aAn index theorem for Lorentzian manifolds with compact spacelike Cauchy boundary / _cChristian Bär and Alexander Strohaier. |
||
| 260 |
_aBaltimore, Maryland U.S. ; _bJohns Hopkins University Press , _c October 2019. |
||
| 300 |
_aVolume 141, pages 1421-1455 : _billustration ; _c26 cm. |
||
| 500 | _aAmerican Journals of Mathematics, vol. 141 no. 5, pages 1421-1455, October 2019. | ||
| 650 |
_aMathematics. _960501 |
||
| 650 |
_aGeometry. _960502 |
||
| 650 |
_aFunctions. _960503 |
||
| 700 |
_aBär, Christian. _eauthor. _957914 |
||
| 700 |
_aStrohmaier, Alexarder. _eauthor. _957915 |
||
| 942 |
_2ddc _cPER |
||
| 999 |
_c20504 _d20504 |
||